Biological and integrated control of water hyacinth, Eichhornia crassipes : proceedings of the second meeting of the Global working group for the biological...

This book represents the proceedings of this international biological and integrated control of water hyacinth

محفوظ في:
التفاصيل البيبلوغرافية
التنسيق: كتاب
اللغة:Undetermined
منشور في: Canberra Australian centre for International Agricultural Research 2001
الموضوعات:
الوسوم: إضافة وسم
لا توجد وسوم, كن أول من يضع وسما على هذه التسجيلة!
Thư viện lưu trữ: Trung tâm Học liệu Trường Đại học Cần Thơ
LEADER 00865nam a2200205Ia 4500
001 CTU_160154
008 210402s9999 xx 000 0 und d
082 |a 628.3 
082 |b B615/2000 
245 0 |a Biological and integrated control of water hyacinth, Eichhornia crassipes : 
245 0 |b proceedings of the second meeting of the Global working group for the biological... 
245 0 |c editors M.H. Julien...[et al.] 
260 |a Canberra 
260 |b Australian centre for International Agricultural Research 
260 |c 2001 
520 |a This book represents the proceedings of this international biological and integrated control of water hyacinth 
650 |a Lục bình nước,Water hyacinth,Sewage 
650 |x Kiểm soát,Control,Biological treatment 
904 |i Năm 
980 |a Trung tâm Học liệu Trường Đại học Cần Thơ